Návrh bioplynovej stanice
Saved in:
| Main Author: | |
|---|---|
| Other Authors: | |
| Format: | Manuscript Book |
| Language: | Slovak |
| Published: |
2015
|
| Subjects: | |
| Online Access: | http://is.stuba.sk/zp/portal_zp.pl?podrobnosti=112895 |
| Tags: |
No Tags, Be the first to tag this record!
|
MARC
| LEADER | 00000ntm a22000003a 4500 | ||
|---|---|---|---|
| 001 | stuzp51816 | ||
| 003 | SK-STU | ||
| 005 | 20160719153956.1 | ||
| 007 | ta | ||
| 008 | 150427s2015----xo-----f-mn---000-0-slo-d | ||
| 040 | |a STU |b slo | ||
| 041 | 0 | |a slo | |
| 100 | 1 | |a Trnčáková, Ivana |u 020060 |4 aut |U SjF Strojnícka fakulta |T SjF Ústav tepelnej energetiky |X 68909 |U J0060 |Y 805 |7 A000068909 | |
| 242 | 0 | 1 | |a Biogas plant proposal |y eng |
| 245 | 1 | 0 | |a Návrh bioplynovej stanice |
| 260 | |c 2015 | ||
| 650 | 4 | |a bioplyn |2 slo | |
| 650 | 4 | |a kogeneračná jednotka |2 slo | |
| 650 | 4 | |a kogenerácia |2 slo | |
| 650 | 4 | |a bioplynová stanica |2 slo | |
| 650 | 4 | |a biomasa |2 slo | |
| 650 | 4 | |a biogas |2 eng | |
| 650 | 4 | |a biomass |2 eng | |
| 650 | 4 | |a cogeneration |2 eng | |
| 650 | 4 | |a biogas plant |2 eng | |
| 650 | 4 | |a combined heat and power unit |2 eng | |
| 700 | 1 | |a Molnár, Vojtech |4 ths |X 2444 |7 A000002444 | |
| 856 | 4 | |u http://is.stuba.sk/zp/portal_zp.pl?podrobnosti=112895 | |
| 996 | |b 284J043745 |c J* 2035/DP |l JJSK |s A |a 24 |w stuzp51816_0001 | ||
| SQL | |a stuzp51816 |b DDP |c SLO |d Návrh bioplynovej stanice |e 68909 |f Trnčáková, Ivana |g 020060 |h 2444 |i Molnár, Vojtech |j 20150617 |k 61 |l 02 |m http://is.stuba.sk/zp/portal_zp.pl?podrobnosti=112895 |n I-TESZ |o 5.2.29. energetika | ||